000 00717nam a2200289Ia 4500
005 20260324141350.0
008 008 260324s9999 xx 000 0 eng d
020 _a9781315842929
037 _aEBOOK
040 _aCRL
040 _beng
040 _cCRL
041 _2eng
041 _aeng
084 _qCRL
100 _aGordon E Mingay
_91207922
245 0 _aParliamentary Enclosure in England
245 3 _bAn Introduction to its Causes, Incidence and Impact, 1750-1850
260 _bTaylor and Francis
260 _c1997
365 _a
365 _b230
856 _uhttp://www.taylorfrancis.com/books/9781315842929
942 _cEBOOK
999 _c1810937
_d1810937